书目信息 |
| 题名: |
果木趣谈
|
|
| 作者: | 樊增效 编著 | |
| 分册: | ||
| 出版信息: | 北京 中国林业出版社 1985 |
|
| 页数: | 116页 | |
| 开本: | 19cm | |
| 丛书名: | ||
| 单 册: | ||
| 中图分类: | S66-49 | |
| 科图分类: | ||
| 主题词: | 果树--普及读物 | |
| 电子资源: | ||
| ISBN: | 16046.1269 | |
| 000 | 00595nam0 2200229 450 | |
| 001 | 0185007554 | |
| 005 | 20100712221153.0 | |
| 010 | @a16046.1269@dCNY0.78 | |
| 091 | @a16046.1269 | |
| 100 | @a19900904d1985 em y0chiy0110 ea | |
| 101 | 0 | @achi |
| 102 | @aCN@b110000 | |
| 105 | @ay z 000yy | |
| 106 | @ar | |
| 200 | 1 | @a果木趣谈@9Guo Mu Qu Tan @f樊增效编著 |
| 210 | @a北京@c中国林业出版社@d1985 | |
| 215 | @a116页@d19cm | |
| 606 | 0 | @a果树@x普及读物 |
| 690 | @aS66-49@v3 | |
| 701 | 0 | @a樊增效@9fan zeng xiao@4编著 |
| 801 | 0 | @aCN@bAzMarc@c20130904 |
| 905 | @aBZT@dS66-49@e1@f1@sS66-49/1 | |
| 果木趣谈/樊增效编著.-北京:中国林业出版社,1985 |
| 116页;19cm |
| ISBN 16046.1269:CNY0.78 |
| ● |
| 相关链接 |
|
|
|
正题名:果木趣谈
索取号:S66-49/1
 
预约/预借
| 序号 | 登录号 | 条形码 | 馆藏地/架位号 | 状态 | 备注 |
| 1 | 2000078993 | 2000078993 | 旧书回溯/ [索取号:S66-49/1] | 在馆 |